1638 1342 1594 1810 1693 1936 1440 1913 1338 1069 1679 1836 1418 1199 1368 1078 1814 1228 1409 1598 1836 1051 1361 1954 1696 1648 1796 1771 1987 1981 1483 1361 1480 1703 1629 1992 1836 1739 1006 1896 1715 1075 1027 1725 1816 1369 1765 1595 1320 1133 1599 1413 1167 1631 1844 1876 1070 1069 1798 1112 1501 1913 1212 1510 1805 1482 1769 1839 1045 1110 1998 1448 1939 1165 1312 1349 1759 1078 1769 1503 1233 1978 1880 1939 1286 1815 1036 1351 1781 1710 1794 1906 1321 1524 1573 1664 1012 1809 1457 BCNSPRNW ULIB Ver.6.0+V

เปลี่ยนเป็นภาษาไทย

Change to English
 แสดงรายละเอียดบรรณานุกรม
  กลับหน้าหลัก

Brief Record : Get Marc (ISO 2709) : E-mail record : QR code < ปิดหน้าต่าง
LEADER : 00000nam 2200000uu 4500
001    13399109543
003     ULIB
008    110404s2550||||th 000 0 tha d
020    9789747743067
060 04 WB327^bพ786ร 2550
245 00 รู้ทันโรค =^bAll about diseases/^cพิสุทธิพร ฉ่ำใจ, บก. เรียบเรียง
246 31 All about diseases
250    พิมพ์ครั้งที่ 1
260    กรุงเทพฯ :^bต้นธรรม,^c2550
300    272 หน้า :^bภาพประกอบ
650  7 การดูแลสุขภาพตนเอง
650  7 โรคและความผิดปกติ
650  7 อาการเจ็บป่วย
700 0  พิสุทธิพร ฉ่ำใจ,^eบรรณาธิการ
945    ^p190^l0^i021708
995    ทศพร
999 ^a ใช้งานได้ทุกระบบ
รายการนี้ยังไม่มีแท็ก
คุณยังไม่ได้ล็อกอิน คุณสามารถมีกิจกรรมร่วมกับเว็บไซต์ได้ แต่ต้องล็อกอินก่อน ::
  ล็อกอิน

รายการสื่อสารสนเทศ

ลำดับที่ ประเภท เลขเรียก/บาร์โค้ด สถานที่ สถานะ
- ไม่พบข้อมูล -

รายการใกล้เคียง
    หัวเรื่อง [การดูแลสุขภาพตนเอง]
    หัวเรื่อง [โรคและความผิดปกติ]
    หัวเรื่อง [อาการเจ็บป่วย]

BibComment


ยังไม่เคยถูกคอมเมนท์

คอมเมนท์ทรัพยากรรายการนี้
  คอมเมนท์: รู้ทันโรค All ab..


 Copyright 2026. Bcnsprnw @Library